Statistics for 10 Southernmost US States

Click here to take the quiz!

General Stats

  • This quiz has been taken 33,546 times
  • The average score is 9 of 10

Answer Stats

Latitude US State % Correct
24°54'NFlorida
99%
25°52′NTexas
99%
31°33'NNew Mexico
92%
30°19'NAlabama
88%
28°92'NLouisiana
86%
30°35'NGeorgia
86%
31°33'NArizona
86%
18°91'NHawaii
84%
30°22'NMississippi
83%
32°02'NSouth Carolina
59%

Score Distribution

Percentile by Number Answered

Percent of People with Each Score

Your Score History

You have not taken this quiz